| 000 | 00626nam a2200241Ia 4500 | ||
|---|---|---|---|
| 003 | OSt | ||
| 005 | 20220924122509.0 | ||
| 006 | a|||||r|||| 00| 0 | ||
| 007 | ta | ||
| 008 | 220923b |||||||| |||| 00| 0 hin d | ||
| 024 | _a244564 | ||
| 037 | _cTextual | ||
| 040 |
_aARTS _cARTS _bhin |
||
| 041 |
_2hin _ahin |
||
| 082 | _aR3xM73x, F2;L0 | ||
| 100 | _aMoore G. E. | ||
| 245 | 0 | _aPhilosophical studies | |
| 260 |
_aLondon _bRoutledge & Kegan Paul Ltd. UK _c1970 |
||
| 300 |
_a342p. _ccm. |
||
| 650 | _aPHILOSOPHY | ||
| 942 |
_hR3xM73x, F2;L0 _cTEXL _2CC |
||
| 999 |
_c411853 _d411853 |
||